Check list of large scale maps published by foreign governments (Great Britain excepted) in the Library of Congress / compiled under the direction of Philip Lee Phillips chef, division of maps and charts

Detalles Bibliográficos
Autor Corporativo: United States of America. Library of Congress of Washington
Otros Autores: Phillips, Philip Lee, comp
Formato: Libro
Lenguaje:English
Publicado: Washington : Government Printing Office, 1904.
Materias:
Colección:Banco de datos
Acervo:Universidad Autónoma Benito Juárez de Oaxaca. Biblioteca Francisco de Burgoa. Colección histórica
Descripción Física:58 p. ; 24.5 cm.
Tema general:Geografía
Notas:Portada tipográfica. Texto a renglón seguido con paginación en números arábigos. Encudernación en keratol. Marca de fuego: Biblioteca Pública del Estado de Oaxaca, Oax. Sello en tinta de la Biblioteca Pública del Estado de Oaxaca, Oax.
LEADER 01157nam a22001930004500
035 |a 119 
041 0 |a eng 
110 1 |a United States of America. Library of Congress of Washington 
245 1 0 |a Check list of large scale maps published by foreign governments (Great Britain excepted) in the Library of Congress / compiled under the direction of Philip Lee Phillips chef, division of maps and charts 
260 |a Washington : Government Printing Office, 1904. 
300 |a 58 p. ; 24.5 cm. 
500 |a Portada tipográfica. Texto a renglón seguido con paginación en números arábigos. Encudernación en keratol. Marca de fuego: Biblioteca Pública del Estado de Oaxaca, Oax. Sello en tinta de la Biblioteca Pública del Estado de Oaxaca, Oax. 
504 |a Al principio de la obra está el índice de ciudades 
650 1 0 |a Geografía 
700 1 |a Phillips, Philip Lee, comp.  
852 |a Universidad Autónoma "Benito Juárez" de Oaxaca, Biblioteca Francisco de Burgoa, Colección histórica 455 
942 |c BURHIS 
943 |g Universidad Autónoma Benito Juárez de Oaxaca. Biblioteca Francisco de Burgoa. Colección histórica 
999 |c 1118621  |d 1118621